[Event "AUT-chT2W 9596"]
[Site "Austria"]
[Date "1996.??.??"]
[Round "?"]
[White "Hertneck, Gerald"]
[Black "Lanka, Zigurds"]
[Result "1-0"]
[WhiteElo "2575"]
[BlackElo "2510"]
[PlyCount "121"]
[EventDate "1995.??.??"]
[Source "www.chesslib.no"]
[SourceDate "2004.05.04"]

1. c4 Nf6 2. Nc3 g6 3. e4 d6 4. g3 Bg7 5. Bg2 c5 6. Nge2 Nc6 7. Rb1 O-O 8. a3 a5 9. O-O Ne8 10. d3 Bg4 11. f3 Bd7 12. f4 f5 13. Be3 Nc7 14. d4 cxd4 15. Nxd4 Nxd4 16. Bxd4 Bxd4+ 17. Qxd4 Ne6 18. Qe3 fxe4 19. Nd5 Ng7 20. Bxe4 Rb8 21. Rbd1 Rf7 22. Qb6 Bc6 23. Rfe1 e6 24. Qxd8+ Rxd8 25. Nc3 Rc7 26. b3 Be8 27. Rd3 Kf8 28. a4 Bc6 29. Bxc6 Rxc6 30. g4 Rc7 31. Kg2 Rf7 32. Ne4 Rxf4 33. Kg3 e5 34. Nxd6 h5 35. Rxe5 Rxg4+ 36. Kf2 Nf5 37. Re6 Rf4+ 38. Ke1 Nxd6 39. Rexd6 Re8+ 40. Kd2 Kf7 41. h3 Rf5 42. Kc3 Re6 43. Rd7+ Re7 44. b4 axb4+ 45. Kxb4 g5 46. c5 Rf1 47. Ka5 Rf6 48. Kb5 Rg6 49. R3d6 Rge6 50. Rxe6 Kxe6 51. Rd6+ Kf5 52. Rh6 h4 53. Kb6 Re4 54. Kxb7 Rxa4 55. c6 Rb4+ 56. Ka7 Rc4 57. Kb6 Rb4+ 58. Kc5 Rb8 59. c7 Rc8 60. Kb6 Kf4 61. Rc6 1-0

[Event "Batumi"]
[Site "?"]
[Date "1999.??.??"]
[Round "?"]
[White "Miezis, Normunds"]
[Black "Babula, V."]
[Result "1/2-1/2"]
[WhiteElo "2520"]
[BlackElo "2565"]
[PlyCount "140"]
[EventDate "1999.??.??"]
[Source "Chess Informant"]
[SourceDate "1999.10.01"]

1. c4 Nf6 2. Nc3 g6 3. g3 Bg7 4. Bg2 O-O 5. e4 c5 6. Nge2 Nc6 7. a3 d6 8. O-O Ne8 9. Rb1 a5 10. d3 Nc7 11. Nd5 Ne6 12. b4 axb4 13. axb4 Ned4 14. bxc5 dxc5 15. Nxd4 Bxd4 16. Bh6 Re8 17. Bf4 Ra3 18. Kh1 Ra2 19. Be3 e6 20. Bxd4 Nxd4 21. Ne3 h5 22. Ra1 Rxa1 23. Qxa1 Bd7 24. Qa7 Qc7 25. f4 Rc8 26. f5 b5 27. Qa2 exf5 28. Nd5 Qd6 29. Qa7 Rd8 30. e5 Qxe5 31. Qxc5 Re8 32. Qb6 Bc6 33. Qc5 Kg7 34. Qb6 Ra8 35. Qc7 Qe2 36. Qd6 Qe6 37. Qf4 Nb3 38. Qf2 Qe5 39. Re1 Ra1 40. Rxa1 Qxa1+ 41. Qg1 Bxd5 42. Qxa1+ Nxa1 43. Bxd5 b4 44. c5 Kf6 45. c6 Ke7 46. c7 Kd7 47. Bxf7 Nc2 48. Bxg6 Nd4 49. Bxh5 b3 50. Bf7 b2 51. Ba2 Kxc7 52. Bb1 Kd6 53. Kg2 Nb3 54. Kf2 Nd2 55. Bc2 Ke5 56. Ke3 Nf1+ 57. Ke2 Nxh2 58. d4+ Kxd4 59. Bxf5 Kc3 60. Bb1 Ng4 61. Kf3 Ne5+ 62. Ke2 Nc4 63. Ba2 Nd6 64. Bb1 Nb5 65. Kd1 Na3 66. Bh7 Nc4 67. Ke2 Ne5 68. Be4 Ng4 69. Bb1 Nf6 70. Ke3 Nd5+ 1/2-1/2

[Event "Bad Lauterberg"]
[Site "Bad Lauterberg"]
[Date "1977.??.??"]
[Round "9"]
[White "Csom, Istvan"]
[Black "Torre, Eugenio"]
[Result "1/2-1/2"]
[WhiteElo "2535"]
[BlackElo "2550"]
[PlyCount "40"]
[EventDate "1977.03.??"]
[Source "www.chesslib.no"]
[SourceDate "2004.05.04"]

1. c4 g6 2. Nc3 Bg7 3. g3 Nf6 4. Bg2 O-O 5. e4 c5 6. Nge2 Nc6 7. Rb1 Ne8 8. a3 Nc7 9. b4 d6 10. O-O Ne6 11. d3 Ned4 12. Nxd4 Nxd4 13. Be3 Rb8 14. Ne2 Bd7 15. Nxd4 cxd4 16. Bd2 b5 17. cxb5 Bxb5 18. Qb3 Qd7 19. Rfc1 Ba4 20. Qb2 Rb6 1/2-1/2

[Event "Mind Sports Games - Rapid Team"]
[Site "Pechino CINA"]
[Date "2008.10.14"]
[Round "2"]
[White "Miezis, N."]
[Black "Paragua, M."]
[Result "0-1"]
[WhiteElo "2552"]
[BlackElo "2526"]
[PlyCount "86"]
[EventDate "2008.10.14"]
[Source "www.chesslib.no"]
[SourceDate "2004.05.04"]

1. c4 g6 2. Nc3 Bg7 3. g3 Nf6 4. Bg2 O-O 5. e4 d6 6. Nge2 c5 7. a3 Nc6 8. O-O Ne8 9. Rb1 a5 10. d3 Nc7 11. Nd5 Ne6 12. b4 axb4 13. axb4 Ned4 14. bxc5 dxc5 15. Nxd4 Bxd4 16. Bf4 Ra3 17. Bc7 Qd7 18. Bb6 Kg7 19. Kh1 Ra6 20. Rb5 e6 21. Nf4 Qd6 22. Ne2 Ne5 23. Nxd4 Rxb6 24. f4 Ra6 25. Nb3 Nxd3 26. Qe2 e5 27. f5 f6 28. Kg1 Rd8 29. Rf3 b6 30. h4 Nb4 31. Kh2 Ra2 32. Qf1 gxf5 33. exf5 Bb7 34. Rf2 Bxg2 35. Qxg2 Rxf2 36. Qxf2 Qd1 37. Rxb6 Qxb3 38. Kh3 Qxc4 39. Qf3 Qf7 40. Rb7 Rd7 41. Rb8 h5 42. Qa8 Qc4 43. Qf3 Nd5 0-1

[Event "Welsh International"]
[Site "Newport"]
[Date "2004.01.12"]
[Round "6"]
[White "Miezis, Normunds"]
[Black "Hebden, Mark"]
[Result "1/2-1/2"]
[WhiteElo "2525"]
[BlackElo "2549"]
[PlyCount "100"]
[EventDate "2004.01.07"]
[Source "Roberto Alvarez"]
[SourceDate "2004.01.19"]

1. c4 g6 2. Nc3 Bg7 3. g3 Nf6 4. Bg2 O-O 5. e4 c5 6. Nge2 Nc6 7. a3 d6 8. O-O Bg4 9. f3 Bd7 10. Rb1 Ne8 11. b4 b6 12. d3 Nc7 13. Be3 e5 14. f4 Nd4 15. Qd2 Rb8 16. b5 Bg4 17. Rf2 Nxe2+ 18. Nxe2 Bxe2 19. Qxe2 exf4 20. gxf4 Qh4 21. Rf3 Ne6 22. Qd2 Bd4 23. f5 Bxe3+ 24. Qxe3 Nd4 25. Rh3 Qf4 26. Qxf4 Ne2+ 27. Kf2 Nxf4 28. Rf3 g5 29. f6 h6 30. Bh3 Nxh3+ 31. Rxh3 Kh7 32. Rf3 Rbe8 33. Rg1 Rg8 34. Ke3 Re6 35. Rf5 Re5 36. Rf2 h5 37. a4 g4 38. a5 Kh6 39. h4 Rg6 40. Ra1 Re6 41. axb6 axb6 42. Ra6 g3 43. Rg2 Rexf6 44. Rxb6 Rf1 45. Ra6 Re1+ 46. Kf3 Rf1+ 47. Ke2 Rh1 48. Kf3 Rf1+ 49. Ke2 Rh1 50. Kf3 Rf1+ 1/2-1/2

[Event "Norvège (open)"]
[Site "?"]
[Date "2004.04.08"]
[Round "6"]
[White "Miezis Normunds"]
[Black "Hebden Mark"]
[Result "1/2-1/2"]
[WhiteElo "2530"]
[BlackElo "2544"]
[PlyCount "27"]
[EventDate "2004.??.??"]
[Source "www.chesslib.no"]
[SourceDate "2004.05.04"]

1. c4 g6 2. Nc3 Bg7 3. g3 Nf6 4. Bg2 O-O 5. e4 c5 6. Nge2 Nc6 7. a3 d6 8. O-O Ne8 9. Rb1 Nc7 10. d3 Ne6 11. b4 Ned4 12. Nxd4 Nxd4 13. Ne2 Rb8 14. Nxd4 1/2-1/2

[Event "Tilburg"]
[Site "?"]
[Date "1992.??.??"]
[Round "?"]
[White "Kosten, A."]
[Black "Smirin, I."]
[Result "1/2-1/2"]
[WhiteElo "2515"]
[BlackElo "2555"]
[PlyCount "158"]
[EventDate "1992.??.??"]
[Source "ChessBase"]
[SourceDate "1992.10.01"]

1. c4 g6 2. Nc3 Bg7 3. g3 Nf6 4. Bg2 O-O 5. e4 c5 6. Nge2 Nc6 7. d3 a6 8. O-O d6 9. Rb1 Bg4 10. f3 Bd7 11. a4 Ne8 12. Be3 Nc7 13. d4 cxd4 14. Nxd4 Nxd4 15. Bxd4 Bxd4+ 16. Qxd4 b5 17. b4 Ne6 18. Qe3 bxc4 19. f4 Bc6 20. f5 Ng7 21. g4 Rc8 22. Rf3 f6 23. Qh6 gxf5 24. gxf5 Rf7 25. Kh1 Kh8 26. Rh3 Qg8 27. Rg1 Ne8 28. Bf3 Rg7 29. Rxg7 Qxg7 30. Qh4 Bb7 31. Rg3 Qf7 32. Bh5 Qf8 33. Bg6 Qg8 34. Rh3 d5 35. exd5 Bxd5+ 36. Kg1 e6 37. Qxh7+ Qxh7 38. Rxh7+ Kg8 39. Rd7 Ng7 40. Bf7+ Kh8 41. fxe6 Bxe6 42. Bxe6 Nxe6 43. Rd6 Ng5 44. Rxa6 Rd8 45. h4 Nf3+ 46. Kf2 Rd3 47. Ne2 Ne5 48. b5 Rf3+ 49. Kg2 Rb3 50. b6 Kh7 51. Nd4 Rb2+ 52. Kg3 c3 53. Ra7+ Kg6 54. Nb5 c2 55. Rc7 Rb3+ 56. Kf2 Nd3+ 57. Kg1 Rb1+ 58. Kh2 Rb2 59. Kg3 Nb4 60. b7 Na6 61. Rc4 Ra2 62. Nc7 Nb8 63. Nd5 Ra3+ 64. Kf2 Rxa4 65. Rxc2 Rxh4 66. Rc8 Na6 67. Rc6 Rh7 68. Rxf6+ Kg5 69. Rb6 Kf5 70. Nb4 Nb8 71. Ke3 Ke5 72. Kd3 Rc7 73. Rb5+ Kd6 74. Kd4 Rc1 75. Rb6+ Kd7 76. Nd3 Rc6 77. Ne5+ Kc7 78. Nxc6 Kxb6 79. Nxb8 Kxb7 1/2-1/2

[Event "63/41"]
[Site "Calcutta 63/41"]
[Date "1995.??.??"]
[Round "?"]
[White "Barcenilla, Rogelio"]
[Black "Miles, Anthony J"]
[Result "0-1"]
[WhiteElo "2450"]
[BlackElo "2615"]
[PlyCount "176"]
[EventDate "1995.??.??"]
[Source "www.chesslib.no"]
[SourceDate "2004.05.04"]

1. c4 g6 2. g3 Bg7 3. Bg2 Nf6 4. Nc3 O-O 5. e4 c5 6. Nge2 Nc6 7. O-O a6 8. d3 d6 9. h3 Rb8 10. f4 Ne8 11. Be3 b5 12. Qd2 Nd4 13. Rac1 Nxe2+ 14. Qxe2 Nc7 15. b3 Ne6 16. Qf2 Nd4 17. Ne2 Qb6 18. Nxd4 cxd4 19. Bd2 bxc4 20. Rxc4 Bd7 21. Rb4 Qa7 22. Rxb8 Rxb8 23. Rc1 a5 24. Be1 a4 25. b4 a3 26. Bf1 e5 27. Qc2 Be6 28. Bd2 Bf6 29. Qc7 Qxc7 30. Rxc7 Ra8 31. b5 Bd8 32. Rc6 Bxa2 33. b6 Be6 34. b7 Rb8 35. Ra6 a2 36. f5 Bb3 37. Ra8 Bc7 38. f6 Kf8 39. Be2 h5 40. g4 h4 41. g5 Be6 42. Bg4 Bxg4 43. hxg4 Ke8 44. Be1 Kd7 45. Bxh4 Rxb7 46. Rxa2 Rb3 47. Ra8 Bb8 48. Kf1 Kc7 49. Ke2 Rb2+ 50. Kf3 Kb7 51. Ra3 Ba7 52. Be1 Rb1 53. Ke2 Bc5 54. Ra4 Rb3 55. Bd2 Ra3 56. Rxa3 Bxa3 57. Kd1 Kc6 58. Kc2 d5 59. Kb3 Bd6 60. Be1 Kb6 61. Bg3 Bc7 62. Bh2 Kc5 63. Bg3 Ba5 64. Bxe5 dxe4 65. dxe4 d3 66. Bb2 Be1 67. Ba1 Bd2 68. Be5 Bxg5 69. Kc3 d2 70. Kc2 Kc4 71. Ba1 Bf4 72. Bb2 Be3 73. Be5 Bh6 74. Bb2 Bf4 75. Kd1 Be3 76. e5 Kd5 77. Ke2 Bf4 78. Bc3 Bh6 79. Bb2 Bg5 80. Ba1 Bf4 81. Bc3 d1=Q+ 82. Kxd1 Bxe5 83. Bd2 Ke4 84. Ke2 Bf4 85. Be1 Be3 86. Bb4 Bc1 87. Bd6 Bb2 88. Be7 Bxf6 0-1

[Event "Vienna Open"]
[Site "Vienna AUT"]
[Date "1995.??.??"]
[Round "6"]
[White "Eingorn, Vereslav S"]
[Black "Stanec, Nikolaus"]
[Result "1/2-1/2"]
[WhiteElo "2595"]
[BlackElo "2465"]
[PlyCount "113"]
[EventDate "1995.??.??"]
[Source "www.chesslib.no"]
[SourceDate "2004.05.04"]

1. c4 Nf6 2. Nc3 g6 3. g3 Bg7 4. Bg2 O-O 5. e4 c5 6. Nge2 Nc6 7. d3 d6 8. O-O Rb8 9. h3 a6 10. a4 Ne8 11. Be3 Nc7 12. d4 cxd4 13. Nxd4 Ne6 14. Nde2 Nc5 15. Ra3 Be6 16. b3 Nb4 17. Nd4 Bd7 18. Nd5 Nc6 19. a5 Nxd4 20. Bxd4 Bxd4 21. Qxd4 e5 22. Qd2 Bc6 23. Rd1 Ne6 24. Nc3 Nd4 25. Ne2 Nxe2+ 26. Qxe2 Qc7 27. Rd3 Rfd8 28. Qd2 Bd7 29. Ra1 Be6 30. h4 h5 31. Kh2 b5 32. axb6 Rxb6 33. Bf3 Rdb8 34. Bd1 Bc8 35. Bc2 Bb7 36. f3 Re8 37. Rd1 Re6 38. Kg2 Kg7 39. Qe3 Bc8 40. Qd2 Rf6 41. Qc3 Qd7 42. Rh1 Qc7 43. Rd5 Rc6 44. Bd3 Rc5 45. b4 Rc6 46. Ra5 Re6 47. Rha1 Re7 48. Bf1 Qb8 49. Qd2 Rb7 50. b5 axb5 51. cxb5 Rc5 52. Rc1 Rxc1 53. Qxc1 Rc7 54. Qd2 Rc5 55. Ra2 Bd7 56. Rb2 Qb6 57. Be2 1/2-1/2

[Event "TCh-BIH"]
[Site "Jahorina"]
[Date "2003.06.24"]
[Round "5"]
[White "Cekro, Ekrem"]
[Black "Kozul, Zdenko"]
[Result "1/2-1/2"]
[WhiteElo "2455"]
[BlackElo "2601"]
[PlyCount "52"]
[EventDate "2003.06.21"]
[Source "Roberto Alvarez"]
[SourceDate "2003.07.07"]

1. c4 g6 2. Nc3 Bg7 3. g3 e6 4. Bg2 Ne7 5. e4 c5 6. Nge2 Nbc6 7. a3 O-O 8. Rb1 a5 9. O-O d6 10. d3 Rb8 11. Be3 e5 12. Qd2 Bd7 13. Nb5 Be8 14. Nec3 Nd4 15. b4 axb4 16. axb4 b6 17. Na3 Ra8 18. Nc2 Ra7 19. Bg5 f6 20. Be3 Bd7 21. Rb2 f5 22. bxc5 bxc5 23. exf5 gxf5 24. Bg5 Ne6 25. Bxe7 Qxe7 26. Nd5 Qf7 1/2-1/2

[Event "Russia (ch)"]
[Site "?"]
[Date "1995.??.??"]
[Round "?"]
[White "Glek, I."]
[Black "Rustemov, A."]
[Result "1/2-1/2"]
[WhiteElo "2580"]
[BlackElo "2475"]
[PlyCount "112"]
[EventDate "1995.??.??"]
[Source "ChessBase"]
[SourceDate "1995.10.01"]

1. c4 g6 2. Nc3 Bg7 3. g3 e6 4. Bg2 Ne7 5. e4 c5 6. Nge2 Nbc6 7. O-O O-O 8. a3 d6 9. Rb1 Nd4 10. b4 b6 11. e5 d5 12. f4 Nxe2+ 13. Qxe2 Ba6 14. d3 Rc8 15. b5 Bb7 16. Bb2 Rc7 17. g4 Rd7 18. Rbd1 Qa8 19. Rf2 dxc4 20. dxc4 Rxd1+ 21. Nxd1 Rd8 22. Bxb7 Qxb7 23. Rf1 h5 24. h3 Qd7 25. Nf2 Qd2 26. Qxd2 Rxd2 27. Bc3 Rc2 28. Ne4 Nf5 29. Rd1 Ng3 30. Rd8+ Bf8 31. Nf6+ Kg7 32. Be1 Ne2+ 33. Kf1 Nxf4 34. Bd2 Rxc4 35. Ne8+ Kh6 36. Nd6 Rd4 37. Nxf7+ Kg7 38. Rxd4 cxd4 39. Nd8 Be7 40. Nc6 Nd5 41. Nxa7 Bxa3 42. Ke2 Bb2 43. Kd3 Bc3 44. Bg5 Nb4+ 45. Kc4 Nc2 46. Nc6 Na3+ 47. Kd3 hxg4 48. hxg4 Nxb5 49. Bd8 Kh6 50. Bxb6 Kg5 51. Nd8 Kf4 52. Nxe6+ Kxe5 53. Nf8 Kf6 54. Nh7+ Ke6 55. Nf8+ Kf7 56. Nd7 Ke6 1/2-1/2

[Event "DSV-Turnier"]
[Site "Halle"]
[Date "1974.??.??"]
[Round "?"]
[White "Paehtz, Thomas Sr"]
[Black "Savon, Vladimir A"]
[Result "0-1"]
[WhiteElo "2480"]
[BlackElo "2575"]
[PlyCount "80"]
[EventDate "1974.??.??"]
[Source "ChessBase"]

1. c4 Nf6 2. Nc3 c5 3. g3 g6 4. Bg2 Bg7 5. e4 O-O 6. Nge2 Nc6 7. O-O Ne8 8. d3 Nc7 9. Be3 Ne6 10. Qd2 Ned4 11. Bh6 d6 12. Bxg7 Kxg7 13. Nxd4 cxd4 14. Ne2 e5 15. b4 Be6 16. Rac1 f6 17. h4 Qd7 18. Kh2 a6 19. f4 Rae8 20. Rf2 Bg4 21. Ng1 exf4 22. gxf4 f5 23. c5 Rd8 24. a4 fxe4 25. dxe4 dxc5 26. Rxc5 Be6 27. Nf3 Qe7 28. Rg5 Qxb4 29. Qxb4 Nxb4 30. Rb2 Nd3 31. Rxb7+ Rf7 32. Rxf7+ Bxf7 33. Kg3 Nb2 34. Nd2 Nc4 35. Nxc4 Bxc4 36. Bf3 Bb3 37. Ra5 d3 38. Rxa6 d2 39. Ra7+ Kg8 40. h5 Rd3 0-1

[Event "M.004 IECG email"]
[Site "M.004 IECG email"]
[Date "1995.??.??"]
[Round "?"]
[White "Ludgate, Alan Templeton (IRL"]
[Black "Casafus, Ruben Andres"]
[Result "1/2-1/2"]
[WhiteElo "2530"]
[BlackElo "2525"]
[PlyCount "60"]
[EventDate "1995.??.??"]
[Source "www.chesslib.no"]
[SourceDate "2004.05.04"]

1. c4 Nf6 2. Nc3 g6 3. g3 Bg7 4. Bg2 O-O 5. e4 d6 6. Nge2 c5 7. O-O Nc6 8. d3 Bd7 9. h3 Ne8 10. Be3 Nd4 11. Rb1 a5 12. a4 Nc7 13. Nb5 Nxe2+ 14. Qxe2 Bc6 15. Nxc7 Qxc7 16. b3 e5 17. f4 exf4 18. Bxf4 f5 19. Qd2 Rae8 20. Rbe1 fxe4 21. Bxe4 Bd4+ 22. Kh2 Bxe4 23. dxe4 Rf7 24. Bh6 Re6 25. Kg2 Ref6 26. Rxf6 Rxf6 27. Rf1 Rxf1 28. Kxf1 d5 29. cxd5 Qxg3 30. Qf4 Qxh3+ 1/2-1/2

[Event "Lone Pine"]
[Site "Lone Pine"]
[Date "1980.??.??"]
[Round "8"]
[White "Panno, Oscar"]
[Black "Alburt, Lev O"]
[Result "0-1"]
[WhiteElo "2540"]
[BlackElo "2515"]
[PlyCount "74"]
[EventDate "1980.03.??"]
[Source "ChessBase"]

1. c4 Nf6 2. Nc3 c5 3. g3 g6 4. Bg2 Bg7 5. a3 Nc6 6. Rb1 a5 7. d3 O-O 8. Nh3 d6 9. Nf4 Bd7 10. O-O Rb8 11. Bd2 Ne8 12. Nb5 Nc7 13. Bc3 Nxb5 14. cxb5 Nd4 15. a4 Bh6 16. e3 Bxf4 17. exd4 cxd4 18. Bxd4 Bh6 19. Ba7 Ra8 20. b6 Bc8 21. b4 axb4 22. Rxb4 d5 23. a5 Qd6 24. Qb3 Bd2 25. Ra4 e6 26. Ra2 Bg5 27. d4 Bd7 28. Rd1 Bc6 29. Bf1 Qd7 30. a6 Kg7 31. Ra5 Rfd8 32. axb7 Bxb7 33. Rc5 Rdc8 34. Bb5 Qd6 35. Qc3 Bd8 36. Rxc8 Rxc8 37. Qa5 Rc2 0-1

[Event "Petrosian Mem Open"]
[Site "Yerevan"]
[Date "2004.11.27"]
[Round "9"]
[White "Anastasian, Ashot"]
[Black "Pashikian, Arman"]
[Result "1-0"]
[WhiteElo "2579"]
[BlackElo "2473"]
[PlyCount "95"]
[EventDate "2004.11.18"]
[Source "Roberto Alvarez"]
[SourceDate "2004.11.29"]

1. c4 c5 2. g3 Nc6 3. Bg2 g6 4. e3 Bg7 5. Ne2 e6 6. Nbc3 Nge7 7. Nf4 O-O 8. O-O a6 9. a4 b6 10. b3 Bb7 11. Ba3 d6 12. Rc1 Qd7 13. Nfe2 Ne5 14. d4 Bxg2 15. Kxg2 Qb7+ 16. e4 N5c6 17. d5 Nd4 18. Nxd4 Bxd4 19. Ne2 Bg7 20. b4 exd5 21. exd5 Nf5 22. Qd3 Rfe8 23. Nc3 Qd7 24. a5 cxb4 25. Bxb4 bxa5 26. Bxa5 Rac8 27. Ne4 Qa4 28. Bd2 h5 29. Rfe1 Rb8 30. Bc3 Rb3 31. Qd1 Rc8 32. c5 Qb5 33. c6 a5 34. Rc2 a4 35. Bxg7 Kxg7 36. Qa1+ Kh6 37. Rd2 Rd3 38. Qd1 Rxd2 39. Qxd2+ Kg7 40. h3 Qb3 41. Nc3 Qc4 42. Re4 Qb3 43. Rxa4 Kh7 44. Ra7 Kg8 45. g4 hxg4 46. hxg4 Qb4 47. Ra4 Nh4+ 48. Kg3 1-0

[Event "op (G/30)"]
[Site "Murcia op (G/30)"]
[Date "1990.??.??"]
[Round "?"]
[White "Larsen, Bent"]
[Black "Shirov, Alexei D"]
[Result "0-1"]
[WhiteElo "2550"]
[BlackElo "2500"]
[PlyCount "98"]
[EventDate "1990.??.??"]
[Source "www.chesslib.no"]
[SourceDate "2004.05.04"]

1. c4 e5 2. g3 c5 3. Bg2 Nc6 4. Nc3 g6 5. e3 Bg7 6. Nge2 Nge7 7. a3 d6 8. d3 a6 9. O-O O-O 10. Rb1 Rb8 11. b4 cxb4 12. axb4 b5 13. cxb5 axb5 14. Nd5 Nxd5 15. Bxd5 Ne7 16. Bg2 Be6 17. Bd2 Qb6 18. Ra1 e4 19. dxe4 Bc4 20. Re1 Bxa1 21. Qxa1 Nc6 22. Nf4 Ra8 23. Qd1 Ne5 24. Bc3 Ra3 25. Bd4 Qc6 26. Nd5 Bxd5 27. exd5 Qc4 28. f4 Nd3 29. Rf1 Nxb4 30. Qg4 Nc2 31. Rc1 Qb3 32. f5 Nxe3 33. Qf4 Nxf5 34. Bf2 Ra4 35. Qg5 Qb2 36. Rf1 Ra1 37. g4 Nd4 38. Qe3 Ne2+ 39. Kh1 Rxf1+ 40. Bxf1 Nc3 41. Qd4 Qb1 42. Kg2 Qe4+ 43. Qxe4 Nxe4 44. Bxb5 Nxf2 45. Kxf2 Rb8 46. Be2 Kg7 47. g5 h6 48. gxh6+ Kxh6 49. Bf3 Kg5 0-1

[Event "XXIII Open"]
[Site "Reykjavik ISL"]
[Date "2008.03.11"]
[Round "9.9"]
[White "Danielsen, Henrik"]
[Black "Jankovic, Alojzije"]
[Result "1-0"]
[WhiteElo "2506"]
[BlackElo "2541"]
[PlyCount "75"]
[EventDate "2008.03.03"]
[Source "www.chesslib.no"]
[SourceDate "2004.05.04"]

1. g3 g6 2. Bg2 Bg7 3. c4 Nf6 4. Nc3 O-O 5. e4 d6 6. Nge2 c5 7. O-O Nc6 8. d3 a6 9. a4 Bd7 10. h3 Ne8 11. Be3 Nc7 12. d4 cxd4 13. Nxd4 Ne6 14. Nxe6 fxe6 15. Rc1 Qa5 16. c5 Qb4 17. cxd6 exd6 18. Ne2 Qxb2 19. Rb1 Qa3 20. Rxb7 Ne5 21. Nf4 Bxa4 22. Bc1 Qa2 23. Rxg7+ Kxg7 24. Qxd6 Nf7 25. Qxe6 Bb3 26. Qb6 Rad8 27. Nd5 Bxd5 28. Qd4+ Kg8 29. Bb2 Qxb2 30. Qxb2 Bc4 31. Rc1 Bb5 32. e5 Rfe8 33. f4 Re7 34. Rc5 Red7 35. e6 Rd1+ 36. Kh2 Nd6 37. e7 Re8 38. Qb3+ 1-0

[Event "Veterans-Women"]
[Site "Monte Carlo"]
[Date "1994.??.??"]
[Round "6"]
[White "Larsen, Bent"]
[Black "Arakhamia Grant, Ketevan"]
[Result "1-0"]
[WhiteElo "2560"]
[BlackElo "2485"]
[PlyCount "85"]
[EventDate "1994.06.??"]
[Source "ChessBase"]

1. c4 Nf6 2. g3 g6 3. Bg2 Bg7 4. Nc3 O-O 5. e4 d6 6. Nge2 c5 7. d3 Nc6 8. O-O a6 9. Kh1 Rb8 10. a4 Ne8 11. Be3 Nc7 12. d4 cxd4 13. Nxd4 Ne5 14. b3 Ng4 15. Bc1 Ne6 16. Nxe6 Bxe6 17. Bb2 Qa5 18. Rc1 b5 19. h3 b4 20. Nd5 Bxb2 21. Nxe7+ Kh8 22. hxg4 Bxc1 23. Qxc1 Qc7 24. Nd5 Bxd5 25. exd5 Rfe8 26. Re1 Kg8 27. Kh2 Qb6 28. Rxe8+ Rxe8 29. Qd2 a5 30. g5 Qa7 31. Bf3 Re5 32. Kg2 Qe7 33. c5 dxc5 34. d6 Qd7 35. Bd5 Kg7 36. Bc4 Qc6+ 37. Kh2 Qd7 38. Kg2 Re8 39. Qd5 Rd8 40. Qe5+ Kg8 41. Qf6 Qxd6 42. Bxf7+ Kf8 43. Be6+ 1-0

[Event "TCh-BIH"]
[Site "Jahorina"]
[Date "2003.06.25"]
[Round "7"]
[White "Cvitan, Ognjen"]
[Black "Ristic, Nenad"]
[Result "1-0"]
[WhiteElo "2551"]
[BlackElo "2480"]
[PlyCount "103"]
[EventDate "2003.06.21"]
[Source "Roberto Alvarez"]
[SourceDate "2003.07.07"]

1. Nf3 c5 2. c4 Nc6 3. Nc3 Nd4 4. Ng1 Nc6 5. g3 g6 6. Bg2 Bg7 7. a3 Nf6 8. Rb1 a5 9. d3 O-O 10. Nh3 e6 11. O-O d5 12. cxd5 exd5 13. Bg5 Bxh3 14. Bxh3 h6 15. Bxf6 Bxf6 16. Bg2 Ne7 17. Qb3 Bxc3 18. bxc3 Qd6 19. Qb6 Nc6 20. Rb5 c4 21. Qc5 Qxc5 22. Rxc5 cxd3 23. exd3 d4 24. c4 a4 25. Rb1 Rfe8 26. Bd5 Ra7 27. Kf1 Re5 28. Rbb5 Kg7 29. Bxc6 Rxc5 30. Rxc5 bxc6 31. Rxc6 Rb7 32. Rd6 Rb3 33. Rxd4 Rxa3 34. Ke2 Ra1 35. Kd2 Rf1 36. Kc3 Rxf2 37. Kb4 Rxh2 38. Kxa4 Kf6 39. c5 h5 40. c6 Ke7 41. Kb5 Rb2+ 42. Ka6 Ra2+ 43. Kb7 Rb2+ 44. Kc8 g5 45. c7 f5 46. Rd7+ Ke8 47. Rd5 h4 48. gxh4 gxh4 49. Re5+ Kf7 50. Kd7 Rc2 51. Rxf5+ Kg6 52. Rf8 1-0

[Event "Amsterdam m1"]
[Site "?"]
[Date "1996.08.22"]
[Round "5"]
[White "Miezis Normunds"]
[Black "Akesson Ralf"]
[Result "1/2-1/2"]
[WhiteElo "2530"]
[BlackElo "2500"]
[PlyCount "84"]
[EventDate "1996.??.??"]
[Source "www.chesslib.no"]
[SourceDate "2004.05.04"]

1. c4 Nf6 2. Nc3 c5 3. e4 Nc6 4. g3 g6 5. Bg2 Bg7 6. Nge2 O-O 7. a3 Ne8 8. Rb1 a5 9. O-O Nc7 10. d3 d6 11. Be3 Bg4 12. f3 Bd7 13. Qd2 Nd4 14. b4 axb4 15. axb4 b5 16. bxc5 dxc5 17. Bxd4 cxd4 18. Nxb5 Nxb5 19. cxb5 Rb8 20. f4 e5 21. fxe5 Bxe5 22. Rfc1 Rxb5 23. Rxb5 Bxb5 24. Nf4 Qd6 25. Nd5 Kg7 26. Bf1 Bd7 27. Rb1 Be6 28. Nf4 Ra8 29. Rb5 Ra1 30. Nxe6+ Qxe6 31. Qg5 Bf6 32. Qf4 Re1 33. Qf2 Re3 34. Rb2 h6 35. Kh1 h5 36. Rc2 Be7 37. Bh3 Qb3 38. Bf1 Qe6 39. Bh3 Qf6 40. Qxf6+ Kxf6 41. Bf1 g5 42. Ra2 Kg6 1/2-1/2

[Event "Mexico"]
[Site "?"]
[Date "1991.??.??"]
[Round "?"]
[White "Sunye Neto, Jaime"]
[Black "Fedorowicz, J."]
[Result "1-0"]
[WhiteElo "2475"]
[BlackElo "2555"]
[PlyCount "89"]
[EventDate "1991.??.??"]
[Source "ChessBase"]
[SourceDate "1991.06.01"]

1. c4 Nf6 2. Nc3 g6 3. g3 Bg7 4. Bg2 O-O 5. e4 d6 6. Nge2 c5 7. O-O Nc6 8. d3 a6 9. h3 Rb8 10. f4 Nd4 11. Be3 Ne8 12. Rb1 f5 13. exf5 gxf5 14. b4 b6 15. bxc5 dxc5 16. Na4 Bd7 17. Nxd4 cxd4 18. Bd2 Rf6 19. Qb3 Rg6 20. Kh2 Kh8 21. Rfe1 Nc7 22. c5 b5 23. Nb6 Be6 24. Qc2 Qg8 25. Re2 Bxa2 26. Rbe1 Re8 27. c6 e5 28. fxe5 Be6 29. Bf4 Rd8 30. Nd7 Qf7 31. Nc5 b4 32. Nb7 Rg8 33. Qc5 b3 34. Nd6 Qf8 35. Qa7 Qd8 36. Qxd4 Bh6 37. Bxh6 Rxh6 38. Rf1 a5 39. Rxf5 Nb5 40. Qf4 Rhg6 41. Nf7+ Bxf7 42. e6 Bxe6 43. Rxb5 Qxd3 44. Qe5+ R8g7 45. Re3 1-0

[Event "Elista ol (Men)"]
[Site "Elista"]
[Date "1998.10.12"]
[Round "13"]
[White "Miezis, Normunds"]
[Black "Ionescu, Constantin"]
[Result "1/2-1/2"]
[WhiteElo "2515"]
[BlackElo "2515"]
[PlyCount "82"]
[EventDate "1998.09.29"]
[Source "ChessBase"]
[SourceDate "1998.11.06"]

1. c4 e6 2. e4 c5 3. Nc3 Nc6 4. g3 g6 5. Bg2 Bg7 6. Nge2 Nge7 7. a3 d6 8. Rb1 b6 9. b4 Bb7 10. d3 Qd7 11. Be3 Nd4 12. O-O O-O 13. Qd2 Nec6 14. b5 Ne7 15. Bh6 Nxe2+ 16. Nxe2 d5 17. Bxg7 Kxg7 18. exd5 exd5 19. Nf4 d4 20. Bxb7 Qxb7 21. Rfe1 Rfe8 22. Re5 Ng8 23. Qe2 Qb8 24. Rxe8 Qxe8 25. Qf3 Rd8 26. Nd5 Qe5 27. a4 Nf6 28. Nxf6 Qxf6 29. Kg2 Re8 30. a5 Qd6 31. Qc6 Qd8 32. axb6 axb6 33. Ra1 Re6 34. Ra8 Qe7 35. Qd5 Rf6 36. Qd8 Qb7+ 37. Kg1 Re6 38. Qf8+ Kf6 39. Re8 h5 40. Qh8+ Kf5 41. Rxe6 Kxe6 1/2-1/2